Ahnenliste Ingeborg Kaethner (Kreise Freystadt, Hirschberg, Lauban und Sprottau in Schlesien; Kreis Sorau, Niederlausitz, in Brandenburg)

Titel: Ahnenliste Ingeborg Kaethner (Kreise Freystadt, Hirschberg, Lauban und Sprottau in Schlesien; Kreis Sorau, Niederlausitz, in Brandenburg) / Peter Bahl
Verfasser:
In: Archiv ostdeutscher Familienforscher, Band 28 (2020), Seite 62-64
alle Artikel anzeigen
Veröffentlicht: 2020
Format: Aufsatz
Sprache: Deutsch
Schlagworte:
Kein Bild verfügbar
X
alg: 51990084
001A    $03025:12-07-24 
001B    $03025:12-08-24 $t11:18:11.000 
001D    $03025:12-07-24 
001U    $0utf8 
001X    $00 
002@    $0Aou 
002C    $aText $btxt $2rdacontent 
002D    $aohne Hilfsmittel zu benutzen $bn $2rdamedia 
002E    $aBand $bnc $2rdacarrier 
003@    $0519900847 
007A    $0519900847 $aHEB 
010@    $ager 
010E    $erda 
011@    $a2020 
021A    $aAhnenliste Ingeborg Kaethner (Kreise Freystadt, Hirschberg, Lauban und Sprottau in Schlesien; Kreis Sorau, Niederlausitz, in Brandenburg) $hPeter Bahl 
028A    $BVerfasser $4aut $712161459X $8Bahl, Peter$Z1963- [Tp3] $9152958975 
031A    $d28 $h62-64 $j2020 
039B    $aEnthalten in $8--Abvc--. Archiv ostdeutscher Familienforscher. - Herne : Arbeitsgem. Ostdt. Familienforscher, 1952-. - ISSN 0003-9470 $x202000000280000938 $904747002X 
045F    $a929.09438509034 $eDDC23BSB 
045F/01 $a929 
045F/03 $f09034 
045F/03 $g4385 
045R    $aGeschichte 1800-1945 
045T    $a8,1 

lok: 51990084 78

exp: 51990084 78 1 #EPN
201B/01 $012-08-24 $t11:16:58.000 
201C/01 $012-07-24 
201U/01 $0utf8 
203@/01 $01266719474 
208@/01 $a12-07-24 $be 
209A/01 $a/ $f000 $x00 
209A/01 $ab*p $x01 
209B/01 $a3 $x05 
220C/01 $apgar 
244Z/01 $#Schlesien $#Schlesien $#Herzogtum Schlesien $#Herzogtum Schlesien Schlesien $#Provinz Schlesien $#Śla̜sk $#Slezsko $#Silesia $74052678-1 $8--Tg1--Schlesien $x02 $9085146781 
247C/01 $82080>Marburg/Lahn, Herder-Institut, Forschungsbibliothek, Bibliographieportal $9336309341
LEADER 00000caa a2200000 c 4500
001 519900847
003 DE-603
005 20240812111811.0
007 tu
008 240712s2020 xx |||| | u00||u|ger c
035 |a (DE-599)HEB519900847 
040 |a DE-603  |b ger  |c DE-603  |d DE-603  |e rda 
041 |a ger 
082 0 4 |8 1\u  |a 929.09438509034  |q DE-101  |2 23/BSB 
084 |a 8,1  |2 ssgn 
085 |8 1\u  |b 929 
085 |8 1\u  |z 1  |s 09034 
085 |8 1\u  |z 2  |s 4385 
100 1 |a Bahl, Peter  |d 1963-  |e Verfasser  |4 aut  |0 (DE-603)152958975  |0 (DE-588)12161459X  |2 gnd 
245 0 0 |a Ahnenliste Ingeborg Kaethner (Kreise Freystadt, Hirschberg, Lauban und Sprottau in Schlesien; Kreis Sorau, Niederlausitz, in Brandenburg)  |c Peter Bahl 
264 0 |c 2020 
336 |a Text  |b txt  |2 rdacontent 
337 |a ohne Hilfsmittel zu benutzen  |b n  |2 rdamedia 
338 |a Band  |b nc  |2 rdacarrier 
648 7 |a Geschichte 1800-1945  |2 gnd 
773 0 8 |i Enthalten in  |t Archiv ostdeutscher Familienforscher  |d Herne : Arbeitsgem. Ostdt. Familienforscher, 1952-  |x 0003-9470  |g Band 28 (2020), Seite 62-64  |w (DE-603)04747002X  |w (DE-600)300116-7 
924 0 |9 2080  |a (DE-603)1266719474  |b DE-2080  |c HES  |d d  |g /